Theatres of independence: (Record no. 11086)

MARC details
000 -LEADER
fixed length control field 02680 a2200385 4500
005 - DATE AND TIME OF LATEST TRANSACTION
control field 20090519103310.0
008 - FIXED-LENGTH DATA ELEMENTS--GENERAL INFORMATION
fixed length control field 090519t xxu||||| |||| 00| 0 eng d
010 ## - LCCN (DPL NO)
LC control number ENG-89654 B-309860-865
020 ## - INTERNATIONAL STANDARD BOOK NUMBER
Terms of availability 475.00
International Standard Book Number 0195695763
020 ## - INTERNATIONAL STANDARD BOOK NUMBER
Terms of availability 475.00
International Standard Book Number 9780195695762
035 ## - SYSTEM CONTROL NUMBER
System control number EN-73187
035 ## - SYSTEM CONTROL NUMBER
System control number B-309860-865
035 ## - SYSTEM CONTROL NUMBER
System control number B-359135
037 ## - SOURCE OF ACQUISITION
Source of stock number/acquisition DBAD / PUB
037 ## - SOURCE OF ACQUISITION
Source of stock number/acquisition Pansy Books
040 ## - CATALOGING SOURCE
Original cataloging agency dpl
Language of cataloging English
082 ## - DEWEY DECIMAL CLASSIFICATION NUMBER
Classification number 792.0954
100 ## - MAIN ENTRY--PERSONAL NAME
Personal name Dharwadker, Aparna Bhargava
245 ## - TITLE STATEMENT
Title Theatres of independence:
Statement of responsibility, etc by Aparna Bhargava Dharwadker
Remainder of title drama, theory, and urban performance in India since 1947 /
260 ## - PUBLICATION, DISTRIBUTION, ETC. (IMPRINT)
Place of publication, distribution, etc New Delhi
Name of publisher, distributor, etc Oxford University Press
Date of publication, distribution, etc 2008
270 ## - ADDRESS
Address YMCA Library Building, Jai Singh Road
City New Delhi
State or province Delhi
Postal code 110001
300 ## - PHYSICAL DESCRIPTION
Extent xix, 478p.:
Dimensions 22cm(pbk)
Other physical details b&w photos
500 ## - GENERAL NOTE
General note Includes bibliographical references & index
942 ## - ADDED ENTRY ELEMENTS (KOHA)
Institution code [OBSOLETE] dpl
Item type English Books
Source of classification or shelving scheme Dewey Decimal Classification
Classification part 792.0954
Call number suffix DHA
Holdings
Withdrawn status Lost status Source of classification or shelving scheme Damaged status Not for loan Home library Current library Date acquired Cost, normal purchase price Total Checkouts Barcode Date last seen Cost, replacement price Koha item type Collection code Source of acquisition Total Renewals Full call number Copy number
    Dewey Decimal Classification     Central Library Central Library 19/05/2009 475.00 3 B-309860 14/10/2025 475.00 English Books Non-fiction UBS/8475/3.1.09/248/12.12.08/7.1.09 2 792.0954 DHA 1
    Dewey Decimal Classification     Andrews Gunj D.B.Act.Division 01/10/2008 475.00   EN-73187 15/09/2008 475.00 English Books          
    Dewey Decimal Classification     Janak Puri Janak Puri 01/10/2009 475.00   B-359135 01/10/2009 475.00 English Books Non-fiction Pansy Books/942/29.9.09/92/4.9.09/29.9.09   792.0954 DHA 1
    Dewey Decimal Classification     Karol Bagh Karol Bagh 19/05/2009 475.00   B-309864 19/05/2009 475.00 English Books Non-fiction UBS/8475/3.1.09/248/12.12.08/7.1.09   792.0954 DHA 1
    Dewey Decimal Classification     Patel Nagar Patel Nagar 19/05/2009 475.00   B-309861 19/05/2009 475.00 English Books Non-fiction UBS/8475/3.1.09/248/12.12.08/7.1.09   792.0954 DHA 1
    Dewey Decimal Classification     Peshwa Road Peshwa Road 19/05/2009 475.00   B-309862 19/05/2009 475.00 English Books Non-fiction UBS/8475/3.1.09/248/12.12.08/7.1.09   792.0954 DHA 1
    Dewey Decimal Classification     Sarojini Nagar Sarojini Nagar 19/05/2009 475.00 2 B-309863 19/05/2015 475.00 English Books Non-fiction UBS/8475/3.1.09/248/12.12.08/7.1.09   792.0954 DHA 1
    Dewey Decimal Classification     Shahdara Branch Shahdara Branch 19/05/2009 475.00 1 B-309865 21/04/2023 475.00 English Books Non-fiction UBS/8475/3.1.09/248/12.12.08/7.1.09   792.0954 DHA 1

© Delhi Public Library
Hit Counter
free hit counter